MARC

LEADER 00000nam1a2200000 4500
001 204119
005 20231031190016.0
010 |a 5770201177 
020 |a RU  |b 90-15415 
035 |a (RuTPU)RU\TPU\book\222463 
090 |a 204119 
100 |a 20111118d1990 k a0rusy5003 ca 
101 0 |a rus 
102 |a UA 
200 1 |a Новые процессы и оборудование для газотермического и вакуумного покрытия  |e сборник научных трудов  |f Академия наук Украинской ССР (АН УССР), Институт электросварки им. Е. О. Патона (ИЭС) ; под ред. К. А. Ющенко 
210 |a Киев  |c ИЭС им. Е. О. Патона  |d 1990 
215 |a 146 с.  |c ил.  |d 20 см 
320 |a Библиогр. в конце ст. 
610 1 |a плазменные технологии 
610 1 |a вакуумные технологии 
610 1 |a детонационные технологии 
610 1 |a упрочняющие покрытия 
610 1 |a износостойкие покрытия 
610 1 |a коррозионно-стойкие покрытия 
610 1 |a обработка материалов 
610 1 |a газотермическое напыление 
610 1 |a вакуумное осаждение 
610 1 |a наплавка 
610 1 |a сборники 
675 |a 621.793.7(082)  |z rus 
702 1 |a Ющенко  |b К. А.  |g Константин Андреевич  |4 340 
712 0 2 |a Академия наук Украинской ССР (АН УССР)  |b Институт электросварки им. Е. О. Патона (ИЭС)  |c (Киев)  |2 stltpush  |3 (RuTPU)RU\TPU\col\13726 
801 0 |a RU  |b RuMRKP  |c 19960705  |g psbo 
801 1 |a RU  |b 63413507  |c 20111118 
801 2 |a RU  |b 63413507  |c 20130607  |g RCR 
942 |c BK